[Event "OLNW 2324 SK Kirchweyhe II - Delmenhorst"]
[Site "?"]
[Date "2023.10.22"]
[Round "1.6"]
[White "Medak, Bojan"]
[Black "Margraf, Daniel"]
[Result "0-1"]
[WhiteElo "2346"]
[BlackElo "2234"]
[PlyCount "72"]
[EventDate "2023.??.??"]

1. c4 e5 2. d3 f5 3. Nf3 d6 4. g3 Nf6 5. Bg2 Be7 6. Nc3 O-O 7. O-O Qe8 8. Bg5 Qh5 9. Bxf6 Bxf6 10. Rc1 g5 11. c5 g4 12. Nd2 c6 13. cxd6 Bd8 14. Nc4 f4 15. Ne4 b5 16. Ncd2 Bb6 17. Nb3 Be6 18. a4 bxa4 19. Nbc5 Bd5 20. Qxa4 f3 21. exf3 gxf3 22. Bh1 a5 23. Nc3 Bxc5 24. Nxd5 Bxd6 25. Ne3 Bb4 26. Rc4 c5 27. Rh4 Qf7 28. Rg4+ Kh8 29. Rg5 Ra6 30. Ng4 Re6 31. Rxe5 Nc6 32. Re3 Nd4 33. h3 Qf5 34. Qd7 h5 35. Nh2 Rxe3 36. Qxf5 Rxf5 0-1

[Event "OLNW 2324 SK Kirchweyhe II - Delmenhorst"]
[Site "?"]
[Date "2023.10.22"]
[Round "1.8"]
[White "Vernacki, Srdjan"]
[Black "Meyer, Thorsten"]
[Result "1-0"]
[WhiteElo "2267"]
[BlackElo "1927"]
[PlyCount "93"]
[EventDate "2023.??.??"]

1. e4 d5 2. exd5 Qxd5 3. Nc3 Qd8 4. h3 c6 5. Nf3 Nf6 6. Qe2 e6 7. d4 Be7 8. Bg5 Nbd7 9. g3 O-O 10. Bg2 Nd5 11. Bxe7 Qxe7 12. O-O Qb4 13. Nd1 N7f6 14. a3 Qa5 15. c4 Ne7 16. Nc3 Qd8 17. Rfd1 Bd7 18. Ne5 Rb8 19. b4 Be8 20. Rac1 a5 21. Qb2 b5 22. Ne4 Nxe4 23. Bxe4 axb4 24. Qxb4 f6 25. Nd3 bxc4 26. Qxc4 Nd5 27. Qc5 Rf7 28. Re1 Rb5 29. Qc4 Qd6 30. a4 Rb8 31. a5 Ra7 32. a6 Rb6 33. Nc5 Bf7 34. Bxd5 cxd5 35. Qc3 h6 36. Rb1 Qc6 37. Qa5 Rxb1 38. Rxb1 Qc8 39. Rb7 Ra8 40. a7 Be8 41. Qb6 Qc6 42. Qxc6 Bxc6 43. Rc7 Be8 44. Nxe6 Bf7 45. Nc5 Be8 46. Na6 Bb5 47. Rb7 1-0

[Event "OLNW 2324 SK Union Oldenburg - Post SV U"]
[Site "?"]
[Date "2023.10.22"]
[Round "1.1"]
[White "Laubsch, Bernd"]
[Black "Wittje, Berthold"]
[Result "0-1"]
[WhiteElo "2257"]
[BlackElo "2245"]
[PlyCount "112"]
[EventDate "2023.??.??"]

1. e4 Nf6 2. e5 Nd5 3. c4 Nb6 4. d4 d6 5. exd6 cxd6 6. Nc3 g6 7. Be3 Bg7 8. Rc1 O-O 9. b3 Bf5 10. Nge2 e5 11. dxe5 dxe5 12. Qxd8 Rxd8 13. c5 Nc8 14. Ng3 Be6 15. Nge4 h6 16. Nb5 Na6 17. Nbd6 Nxd6 18. Nxd6 Bd5 19. Bxa6 bxa6 20. O-O f5 21. Rfd1 Bc6 22. f3 Bf8 23. Nc4 Rxd1+ 24. Rxd1 f4 25. Bf2 e4 26. fxe4 Bxe4 27. Rd7 g5 28. Nd6 Bc6 29. Rc7 Bd5 30. Nc8 Be6 31. Ne7+ Kf7 32. Nf5+ Kg8 33. Nd4 Rd8 34. Kf1 Bf7 35. Ke2 Bd5 36. g3 Re8+ 37. Kd2 Re7 38. Rc8 Kf7 39. Rd8 Bg2 40. gxf4 gxf4 41. b4 Be4 42. a3 Bg7 43. Bh4 Rc7 44. Kc3 Be5 45. Kc4 f3 46. Bf2 Bxh2 47. a4 Be5 48. b5 Ke7 49. Rg8 axb5+ 50. axb5 Rd7 51. Nc6+ Bxc6 52. bxc6 Rd2 53. Bh4+ Kf7 54. Ra8 Rd4+ 55. Kb5 Rxh4 56. Rxa7+ Ke6 0-1

[Event "OLNW 2324 SK Union Oldenburg - Post SV U"]
[Site "?"]
[Date "2023.10.22"]
[Round "1.2"]
[White "Bredemeier, Dirk"]
[Black "Wiegmann, Sascha"]
[Result "1/2-1/2"]
[WhiteElo "2248"]
[BlackElo "2308"]
[PlyCount "87"]
[EventDate "2023.??.??"]

1. c4 e6 2. g3 d5 3. Bg2 Nf6 4. Nf3 Be7 5. O-O O-O 6. d4 Nbd7 7. Qc2 c5 8. cxd5 exd5 9. Nc3 b6 10. Ng5 cxd4 11. Nb5 Bb7 12. Bf4 Nc5 13. Nxd4 Re8 14. Rad1 g6 15. b4 Nce4 16. Nxe4 Nxe4 17. Bxe4 dxe4 18. Nc6 Qc8 19. Nxe7+ Rxe7 20. Qb2 e3 21. f3 Qf5 22. Rd3 Rae8 23. Qd4 Ba6 24. g4 Qc8 25. Rxe3 Rxe3 26. Bxe3 Qc4 27. Qxc4 Bxc4 28. Kf2 f6 29. Rc1 b5 30. a4 a6 31. axb5 axb5 32. Rd1 Kf7 33. Rd2 Ra8 34. Bd4 Ra2 35. Bb2 Ke6 36. Ke3 Ra4 37. Bc3 Ra2 38. Bb2 Ra4 39. Kd4 Rxb4 40. Kc5 Rb3 41. Rd6+ Kf7 42. Bxf6 Bxe2 43. g5 Bxf3 44. Rb6 1/2-1/2

[Event "OLNW 2324 SK Union Oldenburg - Post SV U"]
[Site "?"]
[Date "2023.10.22"]
[Round "1.3"]
[White "Knuedel, Torben"]
[Black "Meessen, Max"]
[Result "1/2-1/2"]
[WhiteElo "2275"]
[BlackElo "2155"]
[PlyCount "77"]
[EventDate "2023.??.??"]

1. e4 e5 2. Nf3 Nc6 3. Bc4 Nf6 4. d3 Bc5 5. O-O O-O 6. Nbd2 d6 7. c3 Bb6 8. Bb3 Ne7 9. Nc4 Ng6 10. h3 Re8 11. Re1 h6 12. Bc2 Be6 13. Nxb6 axb6 14. d4 Nh7 15. dxe5 dxe5 16. Qxd8 Rexd8 17. Be3 Nf6 18. a4 Nh5 19. Kh2 Nf6 20. b4 Bc4 21. Red1 Rxd1 22. Rxd1 Be2 23. Rd2 Bxf3 24. gxf3 Kf8 25. Rd1 Ke8 26. Bb3 Nh5 27. Bd5 Rxa4 28. Bxb7 Ne7 29. Bd5 Ra3 30. Bc4 Rxc3 31. Bb5+ Nc6 32. Bd2 Rc2 33. Bd3 Rxd2 34. Rxd2 Nd4 35. Kg2 Nf4+ 36. Kg3 Nh5+ 37. Kg2 Nf4+ 38. Kg3 Nh5+ 39. Kg2 {(=)} 1/2-1/2

[Event "OLNW 2324 SK Union Oldenburg - Post SV U"]
[Site "?"]
[Date "2023.10.22"]
[Round "1.4"]
[White "Wagner, Jan"]
[Black "Bargsten, Justus"]
[Result "0-1"]
[WhiteElo "2212"]
[BlackElo "2226"]
[PlyCount "72"]
[EventDate "2023.??.??"]

1. Nf3 d5 2. g3 c5 3. c4 d4 4. e3 Nc6 5. exd4 cxd4 6. Bg2 e5 7. O-O Bd6 8. Re1 f6 9. Nh4 Nge7 10. d3 O-O 11. f4 exf4 12. gxf4 Nf5 13. Nxf5 Bxf5 14. a3 Qc7 15. Qf3 Kh8 16. b4 Rae8 17. Rxe8 Rxe8 18. Bd2 Qf7 19. b5 Nd8 20. Bb4 Re3 21. Qd5 Qxd5 22. Bxd5 Bc7 23. Nd2 Bxd3 24. Nb3 Be4 25. Bxe4 Rxe4 26. Re1 Rxe1+ 27. Bxe1 Bxf4 28. Nxd4 Kg8 29. c5 Be3+ 30. Bf2 Bxd4 31. Bxd4 Kf7 32. a4 Ke6 33. a5 Kd5 34. c6 bxc6 35. Bxa7 cxb5 36. a6 Ne6 0-1

[Event "OLNW 2324 SK Union Oldenburg - Post SV U"]
[Site "?"]
[Date "2023.10.22"]
[Round "1.5"]
[White "von Estorff, Jacob"]
[Black "Eschholz, Enno"]
[Result "1/2-1/2"]
[WhiteElo "2137"]
[BlackElo "2208"]
[PlyCount "141"]
[EventDate "2023.??.??"]

1. e4 c5 2. Nf3 e6 3. d4 cxd4 4. Nxd4 Bc5 5. Nc3 Qb6 6. Na4 Qa5+ 7. c3 Bxd4 8. Qxd4 Nf6 9. b3 Nc6 10. Qe3 d5 11. exd5 Nxd5 12. Qg3 Nce7 13. Bd2 Nf5 14. Qf3 Bd7 15. c4 Qc7 16. Rc1 Nf6 17. Nc3 Bc6 18. Nb5 Qe5+ 19. Qe2 Qb8 20. Ba5 b6 21. Bb4 a6 22. Nc3 Qf4 23. Rd1 Nd4 24. Qd2 Qxd2+ 25. Rxd2 O-O-O 26. f3 Nh5 27. Kf2 Nf4 28. Be2 Ndxe2 29. Nxe2 Nd3+ 30. Rxd3 Rxd3 31. Rc1 e5 32. Ng3 g6 33. Rc2 Re8 34. Re2 f5 35. Nf1 f4 36. Nd2 Kd7 37. Ba3 Ke6 38. Bb2 Kf5 39. Nb1 e4 40. fxe4+ Rxe4 41. Rc2 g5 42. Nc3 Re8 43. Ne2 Red8 44. Bc3 g4 45. g3 fxg3+ 46. Nxg3+ Kg6 47. Ne2 Rf3+ 48. Ke1 Be4 49. Rd2 Rxd2 50. Kxd2 h5 51. Bd4 h4 52. Bxb6 g3 53. h3 g2 54. Ng1 Rd3+ 55. Ke2 Rc3 56. Bf2 Kh5 57. c5 Rc2+ 58. Ke3 Rxa2 59. Ne2 Bf5 60. Nf4+ Kg5 61. Nxg2 Bxh3 62. Nxh4 Bg4 63. Nf3+ Bxf3 64. Kxf3 Rb2 65. Bd4 Rxb3+ 66. Ke4 Rb1 67. c6 Rb8 68. Kd5 Rd8+ 69. Ke5 Re8+ 70. Kd6 Rd8+ 71. Kc5 1/2-1/2

[Event "OLNW 2324 SK Union Oldenburg - Post SV U"]
[Site "?"]
[Date "2023.10.22"]
[Round "1.6"]
[White "Schuette, Marc"]
[Black "Askerov, Imamali"]
[Result "1/2-1/2"]
[WhiteElo "2121"]
[BlackElo "1962"]
[PlyCount "138"]
[EventDate "2023.??.??"]

1. e4 c6 2. Nc3 d5 3. Nf3 dxe4 4. Nxe4 Nf6 5. Nxf6+ exf6 6. d4 Bd6 7. Be2 O-O 8. O-O Re8 9. Re1 Nd7 10. Be3 Nf8 11. c3 Ng6 12. Bc4 Qc7 13. h3 Bf5 14. Bd3 Qd7 15. Bxf5 Qxf5 16. Qb1 Qd5 17. Qc2 Rad8 18. Qb3 Qxb3 19. axb3 Bb8 20. Nd2 Re7 21. Nc4 b6 22. g3 Rde8 23. Bd2 f5 24. f4 Rxe1+ 25. Rxe1 Rxe1+ 26. Bxe1 f6 27. Kg2 Kf7 28. Kf3 Ke6 29. Ne3 Ne7 30. c4 Bd6 31. Bd2 a6 32. Nd1 Bc7 33. Nf2 Bd6 34. Nd3 c5 35. d5+ Kd7 36. b4 cxb4 37. Nxb4 a5 38. Nd3 Nc8 39. b3 Bc7 40. Ke3 Nd6 41. Kd4 Ne4 42. Be1 Bd6 43. g4 Nc5 44. Nxc5+ Bxc5+ 45. Kd3 fxg4 46. hxg4 g6 47. g5 f5 48. Bc3 Bf8 49. Bd4 Kc7 50. Be5+ Kd7 51. Kc3 Bb4+ 52. Kc2 Bc5 53. Kd2 Bb4+ 54. Kd3 Bf8 55. Bf6 Bd6 56. Ke3 Bf8 57. Kf3 Bc5 58. Be5 Bf8 59. Ke3 Be7 60. Bd4 Kc7 61. Kd3 Bb4 62. Bf6 Kd7 63. Bc3 Bf8 64. Bd2 Bd6 65. Be3 Kc7 66. Ke2 Be7 67. Bd4 Bf8 68. Bf6 Kd7 69. Kd3 Bd6 1/2-1/2

[Event "OLNW 2324 SK Union Oldenburg - Post SV U"]
[Site "?"]
[Date "2023.10.22"]
[Round "1.7"]
[White "Mittelstaedt, Hendrik"]
[Black "Buerckner, Hartmut"]
[Result "1/2-1/2"]
[WhiteElo "2029"]
[BlackElo "2159"]
[PlyCount "63"]
[EventDate "2023.??.??"]

1. d4 Nf6 2. c4 e6 3. Nc3 Bb4 4. a3 Bxc3+ 5. bxc3 c5 6. e3 O-O 7. Ne2 d6 8. Ng3 Nc6 9. Bd3 e5 10. d5 Ne7 11. e4 Ng6 12. O-O Re8 13. Ra2 h6 14. f3 Nf4 15. Ne2 Nxe2+ 16. Rxe2 Bd7 17. Qe1 Nh5 18. Rb2 Rb8 19. g3 g5 20. Qe2 Ng7 21. f4 exf4 22. gxf4 f6 23. Qf3 Rf8 24. Qg3 Qe7 25. Rg2 Kh8 26. Qf3 Rbd8 27. Re1 b6 28. Bd2 Qf7 29. h3 Bc8 30. Kh2 Qd7 31. Rg3 Qf7 32. Rg2 {(=)} 1/2-1/2

[Event "OLNW 2324 SK Union Oldenburg - Post SV U"]
[Site "?"]
[Date "2023.10.22"]
[Round "1.8"]
[White "Heinemann, Ernst"]
[Black "Bogomolow, Sergej"]
[Result "1-0"]
[WhiteElo "2097"]
[BlackElo "2143"]
[PlyCount "119"]
[EventDate "2023.??.??"]

1. e4 e5 2. f4 exf4 3. Bc4 Nf6 4. Nc3 Bb4 5. Nf3 O-O 6. O-O c6 7. e5 d5 8. exf6 dxc4 9. fxg7 Kxg7 10. Qe2 b5 11. Qe5+ f6 12. Qxf4 Bd6 13. Qh4 f5 14. d4 Qxh4 15. Nxh4 Be6 16. Bf4 Bxf4 17. Rxf4 b4 18. Na4 Nd7 19. Raf1 Rf6 20. Nxf5+ Bxf5 21. Rxf5 Re8 22. Ra5 Rd6 23. c3 Nf6 24. Rxa7+ Kg6 25. h3 Re2 26. Rf2 Re1+ 27. Kh2 bxc3 28. bxc3 Rc1 29. Rc7 h5 30. Nc5 Nd5 31. Rc8 Nxc3 32. Rg8+ Kh6 33. Rg3 Rg6 34. Rxg6+ Kxg6 35. a4 Ra1 36. Rc2 Nxa4 37. Rxc4 Nb6 38. Rc2 Nd5 39. Nd3 Kf5 40. Rxc6 Ke4 41. Nc5+ Kf5 42. Re6 Nf4 43. Re5+ Kg6 44. Ne6 Nd3 45. Re3 Nf2 46. Kg3 Nd1 47. Nf4+ Kf5 48. Rd3 Nb2 49. Rb3 Nc4 50. Rb7 Kf6 51. Rb5 Rd1 52. Nxh5+ Ke7 53. Rd5 Nb6 54. Rb5 Rd3+ 55. Kh2 Nc4 56. Rd5 Nb6 57. Re5+ Kd6 58. Re4 Nd7 59. Nf4 Rd2 60. h4 1-0

[Event "OLNW 2324 SK Ricklingen - Post SV Uelzen"]
[Site "?"]
[Date "2023.11.19"]
[Round "2.1"]
[White "Laubsch, Bernd"]
[Black "Ackermann, Dennie"]
[Result "1-0"]
[WhiteElo "2247"]
[BlackElo "2087"]
[PlyCount "47"]
[EventDate "2023.??.??"]

1. e4 e5 2. Nf3 Nc6 3. Bb5 a6 4. Ba4 Nge7 5. d4 exd4 6. Bg5 f6 7. Bc1 b5 8. Bb3 Na5 9. Qxd4 Bb7 10. O-O Nxb3 11. axb3 Nc6 12. Qd5 Qc8 13. Qh5+ g6 14. Qh4 Kf7 15. Nc3 Bg7 16. Nd5 h5 17. Qf4 Rf8 18. Nxc7 Rb8 19. Nd5 Kg8 20. Rd1 Qe8 21. Be3 Ne7 22. Nc7 Qc8 23. Qd6 Rf7 24. Ba7 1-0

[Event "OLNW 2324 SK Ricklingen - Post SV Uelzen"]
[Site "?"]
[Date "2023.11.19"]
[Round "2.2"]
[White "Simon, Ralf-Axel"]
[Black "Wiegmann, Sascha"]
[Result "0-1"]
[WhiteElo "2045"]
[BlackElo "2306"]
[PlyCount "66"]
[EventDate "2023.??.??"]

1. Nf3 Nf6 2. c4 g6 3. Nc3 Bg7 4. e4 d6 5. d4 O-O 6. Be2 e5 7. O-O Nc6 8. d5 Ne7 9. Ne1 Nd7 10. Be3 f5 11. f3 f4 12. Bf2 g5 13. b4 Nf6 14. c5 Ng6 15. Rc1 Rf7 16. a4 h5 17. Nb5 g4 18. cxd6 cxd6 19. a5 g3 20. Bxa7 Nh7 21. Kh1 Rxa7 22. Rxc8 Qxc8 23. Nxa7 Qd8 24. Qa4 Qh4 25. Qe8+ Ngf8 26. h3 Ng5 27. Kg1 Nxh3+ 28. gxh3 Qxh3 29. Rf2 gxf2+ 30. Kxf2 Qg3+ 31. Kf1 Rc7 32. Nc8 Qh3+ 33. Ng2 Rxc8 0-1

[Event "OLNW 2324 SK Ricklingen - Post SV Uelzen"]
[Site "?"]
[Date "2023.11.19"]
[Round "2.3"]
[White "Knuedel, Torben"]
[Black "Schmidt, Benjamin"]
[Result "1-0"]
[WhiteElo "2278"]
[BlackElo "1878"]
[PlyCount "57"]
[EventDate "2023.??.??"]

1. e4 c5 2. Nc3 Nc6 3. Nf3 d6 4. d4 cxd4 5. Nxd4 Nf6 6. Nxc6 bxc6 7. e5 dxe5 8. Qxd8+ Kxd8 9. Bd2 e6 10. O-O-O Kc7 11. Na4 Nd5 12. Ba5+ Kb7 13. c4 Nb6 14. Nc3 f5 15. b4 Be7 16. Kc2 e4 17. g4 g6 18. Be2 e5 19. Rhg1 Rf8 20. Kb3 Be6 21. gxf5 Bxf5 22. Bg4 Rad8 23. Bxf5 Rxd1 24. Rxd1 gxf5 25. Bxb6 Kxb6 26. Rd7 Bh4 27. Na4+ Ka6 28. Nc5+ Kb6 29. Rb7# 1-0

[Event "OLNW 2324 SK Ricklingen - Post SV Uelzen"]
[Site "?"]
[Date "2023.11.19"]
[Round "2.4"]
[White "Spiess, Thomas"]
[Black "Bargsten, Justus"]
[Result "1/2-1/2"]
[WhiteElo "1992"]
[BlackElo "2232"]
[PlyCount "152"]
[EventDate "2023.??.??"]

1. Nf3 d5 2. e3 Nf6 3. c4 e6 4. b3 b6 5. Bb2 Bb7 6. Nc3 Nbd7 7. d4 a6 8. Rc1 Bd6 9. Bd3 O-O 10. O-O Qe7 11. Ne2 Rad8 12. Ng3 Ne4 13. cxd5 Nxg3 14. hxg3 exd5 15. Ne5 Nb8 16. Qh5 g6 17. Qh6 Rfe8 18. Rc2 f6 19. Nf3 Nd7 20. Rfc1 Rc8 21. g4 Nf8 22. g3 Ne6 23. Re1 Ng5 24. Nxg5 fxg5 25. a3 Qf6 26. b4 Re7 27. Qh3 Rf8 28. Qg2 Qf3 29. Qxf3 Rxf3 30. Kg2 Rf8 31. Bc3 Ref7 32. Kg1 Bc8 33. e4 Rf3 34. Bf1 Bxg4 35. Bg2 dxe4 36. Rxe4 Bd7 37. Bxf3 Rxf3 38. Ree2 h5 39. Bb2 h4 40. gxh4 gxh4 41. Re4 h3 42. d5 Bf5 43. Re8+ Kf7 44. Rce2 Rd3 45. R8e3 Rxd5 46. Be5 Rd1+ 47. Kh2 c5 48. Bxd6 Rxd6 49. bxc5 bxc5 50. Re7+ Kf6 51. Rc7 Rd3 52. Rc6+ Kg5 53. Rxa6 c4 54. Rc6 Rxa3 55. Rxc4 Rf3 56. Rc5 Rf4 57. Rce5 Rg4 58. Kh1 Rg2 59. f3 Rg3 60. Rf2 Kf4 61. Ra5 Ke3 62. Rb2 Rxf3 63. Ra3+ Kf4 64. Rxf3+ Kxf3 65. Kh2 Kg4 66. Rb3 Kh4 67. Rb4+ Bg4 68. Ra4 g5 69. Rb4 Kh5 70. Kg3 Bf5 71. Rb8 Kg6 72. Rb6+ Kf7 73. Ra6 Kg7 74. Rb6 Kf7 75. Ra6 Kg7 76. Rb6 Kf7 1/2-1/2

[Event "OLNW 2324 SK Ricklingen - Post SV Uelzen"]
[Site "?"]
[Date "2023.11.19"]
[Round "2.5"]
[White "von Estorff, Jacob"]
[Black "Herrmann, Andreas"]
[Result "1-0"]
[WhiteElo "2139"]
[BlackElo "2009"]
[PlyCount "49"]
[EventDate "2023.??.??"]

1. e4 c5 2. Nf3 Nc6 3. d4 cxd4 4. Nxd4 g6 5. Nc3 Bg7 6. Be3 Nf6 7. Bc4 O-O 8. Bb3 a5 9. a4 Ng4 10. Qxg4 Nxd4 11. Bxd4 Bxd4 12. Qg3 d6 13. O-O-O Bxc3 14. Qxc3 Ra6 15. h4 Rc6 16. Qg3 e6 17. h5 Qe7 18. f4 Bd7 19. Rh4 Rfc8 20. hxg6 fxg6 21. f5 g5 22. Rdh1 Rxc2+ 23. Bxc2 Bxa4 24. Rxh7 Rxc2+ 25. Kb1 1-0

[Event "OLNW 2324 SK Ricklingen - Post SV Uelzen"]
[Site "?"]
[Date "2023.11.19"]
[Round "2.6"]
[White "Witthaus, Joerg"]
[Black "Askerov, Imamali"]
[Result "1-0"]
[WhiteElo "2021"]
[BlackElo "1966"]
[PlyCount "219"]
[EventDate "2023.??.??"]

1. d4 Nf6 2. Nf3 d5 3. c4 e6 4. Nc3 Bb4 5. cxd5 Nxd5 6. Bd2 c5 7. Nxd5 Qxd5 8. Bxb4 cxb4 9. e3 O-O 10. Bd3 Nc6 11. Qe2 g6 12. O-O b6 13. Rac1 Bb7 14. e4 Qd6 15. e5 Qd7 16. Be4 Rfd8 17. Rfd1 Ne7 18. Ng5 Nd5 19. Bf3 Kg7 20. Qd2 b3 21. axb3 Ne7 22. Qf4 Ng8 23. d5 Bxd5 24. Bxd5 h6 25. Nxf7 exd5 26. Nxd8 Rxd8 27. Rc3 Rf8 28. Qd4 Qf5 29. Rc7+ Kh8 30. e6+ Nf6 31. e7 Re8 32. Re1 Kg8 33. h3 Ne4 34. f3 Ng5 35. Re3 Ne6 36. Rxe6 Qxe6 37. Rxa7 Kf7 38. Kf2 Qf5 39. Qxb6 Qc2+ 40. Kg3 Rxe7 41. Rxe7+ Kxe7 42. Qe3+ Kf7 43. Qc3 Qd1 44. Kf2 d4 45. Qc4+ Kf6 46. Qa6+ Kf7 47. Qe2 Qxb3 48. Qd2 Qb6 49. Ke2 Qb5+ 50. Ke1 Qa4 51. b4 Qa1+ 52. Ke2 Qa6+ 53. Kf2 Qa7 54. Qd3 Qa2+ 55. Qe2 Qa7 56. Qc4+ Kf6 57. Qc5 Qa2+ 58. Kg3 Qd2 59. Qd6+ Kf5 60. Qd5+ Kf6 61. b5 d3 62. Qd6+ Kf5 63. Qf8+ Ke6 64. Qe8+ Kf6 65. Qc6+ Kf5 66. Qe4+ Kf6 67. b6 Qg5+ 68. Kh2 d2 69. Qd4+ Kf7 70. b7 Qb5 71. Qxd2 Qxb7 72. Qxh6 Qc7+ 73. f4 Qc1 74. Qh7+ Kf6 75. Qh4+ Kf7 76. Qg4 Qd2 77. h4 Qd5 78. Qg5 Qd1 79. f5 gxf5 80. Qxf5+ Kg7 81. Qg5+ Kh7 82. Qe5 Qg4 83. Qf6 Qe2 84. Qf5+ Kh8 85. h5 Qd1 86. Kg3 Qe1+ 87. Kg4 Qe2+ 88. Kh3 Qe3+ 89. g3 Qg1 90. Qd5 Qf1+ 91. Kh4 Qf6+ 92. Qg5 Qd4+ 93. Qf4 Qd8+ 94. Kg4 Qd7+ 95. Kf3 Qd1+ 96. Ke4 Qe2+ 97. Kd4 Qd1+ 98. Ke5 Qxh5+ 99. Qf5 Qe2+ 100. Kf6 Qb2+ 101. Qe5 Qxe5+ 102. Kxe5 Kg7 103. Kf5 Kf7 104. Kg5 Kg7 105. g4 Kg8 106. Kg6 Kh8 107. g5 Kg8 108. Kh6 Kh8 109. g6 Kg8 110. g7 1-0

[Event "OLNW 2324 SK Ricklingen - Post SV Uelzen"]
[Site "?"]
[Date "2023.11.19"]
[Round "2.7"]
[White "Mittelstaedt, Hendrik"]
[Black "Ploog, Martin"]
[Result "0-1"]
[WhiteElo "2033"]
[BlackElo "2028"]
[PlyCount "90"]
[EventDate "2023.??.??"]

1. d4 Nf6 2. c4 g6 3. Nc3 Bg7 4. e4 d6 5. f3 O-O 6. Nge2 a6 7. Be3 Nbd7 8. Qd2 b5 9. Ng3 h5 10. cxb5 h4 11. Nge2 axb5 12. Nxb5 c6 13. Nbc3 e5 14. Bg5 exd4 15. Nxd4 Qb6 16. Nb3 d5 17. Be3 Qb8 18. exd5 Nxd5 19. Nxd5 cxd5 20. Bd4 Re8+ 21. Kf2 Ne5 22. Nc5 Bf5 23. Qc3 Ng4+ 24. Kg1 Bxd4+ 25. Qxd4 Ne5 26. a3 Nc6 27. Qd2 Qb6 28. Qf2 d4 29. Nd3 Qb3 30. Nc5 Qd5 31. Nd3 Re3 32. Nf4 Qe5 33. g3 Rb3 34. Bc4 Rb6 35. Re1 Qc5 36. Rc1 Qd6 37. Nd5 Rb7 38. g4 Be6 39. Nf6+ Kg7 40. Ne4 Qf4 41. Kg2 h3+ 42. Kxh3 Rxb2 43. Be2 Ne5 44. Rcd1 Bxg4+ 45. fxg4 Rxa3+ 0-1

[Event "OLNW 2324 Delmenhorster SK - SK Union Ol"]
[Site "?"]
[Date "2023.11.19"]
[Round "2.1"]
[White "Wittje, Berthold"]
[Black "Warakomski, Tomasz"]
[Result "0-1"]
[WhiteElo "2255"]
[BlackElo "2534"]
[PlyCount "110"]
[EventDate "2023.??.??"]

1. Nf3 d5 2. g3 Nf6 3. Bg2 c5 4. O-O e6 5. d4 cxd4 6. Nxd4 e5 7. Nb3 Be6 8. Bg5 Nbd7 9. e4 dxe4 10. Nc3 Qc7 11. Nxe4 Nxe4 12. Bxe4 h6 13. Bd2 Rd8 14. Qf3 b6 15. Bf5 Bxf5 16. Qxf5 g6 17. Qd3 Bg7 18. Bb4 Nb8 19. Qb5+ Qc6 20. a4 f5 21. Bc3 Kf7 22. Rfe1 Rd5 23. Qxc6 Nxc6 24. Rad1 Rhd8 25. Rxd5 Rxd5 26. Kf1 e4 27. Bxg7 Kxg7 28. Ke2 Ne5 29. Rd1 Rxd1 30. Kxd1 Nc4 31. Kc1 e3 32. fxe3 Kf6 33. Nd4 Kg5 34. Nc6 a5 35. Ne7 Nxe3 36. Nc8 Nd5 37. c4 Nb4 38. Nxb6 Kg4 39. Kd2 Kh3 40. Nd5 Nc6 41. Nf4+ Kxh2 42. Nxg6 Kxg3 43. Ke3 h5 44. c5 h4 45. Nf4 Kg4 46. Nd3 Kg3 47. Nf4 Ne7 48. Ne2+ Kg4 49. Nf4 h3 50. Nxh3 Kxh3 51. Kf4 Kh4 52. c6 Kh5 53. Ke5 Kg5 54. c7 f4 55. Kd6 Kf6 0-1

[Event "OLNW 2324 Delmenhorster SK - SK Union Ol"]
[Site "?"]
[Date "2023.11.19"]
[Round "2.2"]
[White "Pahl, Theis"]
[Black "Mueer, Sebastian"]
[Result "1/2-1/2"]
[WhiteElo "2116"]
[BlackElo "2190"]
[PlyCount "47"]
[EventDate "2023.??.??"]

1. e4 c5 2. Nf3 d6 3. d4 cxd4 4. Nxd4 Nf6 5. Nc3 g6 6. Be3 Bg7 7. f3 O-O 8. Qd2 Nc6 9. Bc4 Bd7 10. O-O-O Rc8 11. Bb3 Nxd4 12. Bxd4 b5 13. e5 dxe5 14. Bxe5 Bc6 15. Qxd8 Rfxd8 16. Ne2 a6 17. Rhe1 e6 18. Nf4 Nd5 19. Nxd5 Bxd5 20. Bxd5 exd5 21. Bxg7 Kxg7 22. Rd4 Rc4 23. Red1 Rxd4 24. Rxd4 1/2-1/2

[Event "OLNW 2324 Delmenhorster SK - SK Union Ol"]
[Site "?"]
[Date "2023.11.19"]
[Round "2.3"]
[White "Bredemeier, Dirk"]
[Black "Pahl, Erik"]
[Result "1/2-1/2"]
[WhiteElo "2250"]
[BlackElo "2160"]
[PlyCount "87"]
[EventDate "2023.??.??"]

1. c4 e6 2. g3 d5 3. Bg2 dxc4 4. Na3 Nd7 5. Nxc4 c5 6. b3 Ngf6 7. Bb2 Rb8 8. Nf3 b5 9. Nce5 Bb7 10. a4 Bd6 11. Nxd7 Qxd7 12. O-O O-O 13. Qc2 Be4 14. d3 Ba8 15. axb5 Nd5 16. Nd2 Rfc8 17. Nc4 Bf8 18. Ra3 Rxb5 19. Rfa1 Rb7 20. Qd2 f6 21. h4 Rbc7 22. Ra6 Nb4 23. Nb6 axb6 24. Rxa8 Rxa8 25. Rxa8 Ra7 26. Rxa7 Qxa7 27. Bh3 Qd7 28. Qe3 Kf7 29. Qe4 Qd5 30. Qc4 Qd7 31. Qe4 Qd5 32. Qc4 Qd7 33. d4 b5 34. Qc3 Qxd4 35. Qxd4 cxd4 36. Bxd4 Nc6 37. Bb6 Nb8 38. Bf1 Nd7 39. Ba5 Nc5 40. b4 Nb3 41. e3 Nxa5 42. bxa5 b4 43. Bc4 Bc5 44. Kf1 1/2-1/2

[Event "OLNW 2324 Delmenhorster SK - SK Union Ol"]
[Site "?"]
[Date "2023.11.19"]
[Round "2.4"]
[White "Mossakowski, Florian"]
[Black "Meessen, Max"]
[Result "1-0"]
[WhiteElo "2283"]
[BlackElo "2158"]
[PlyCount "115"]
[EventDate "2023.??.??"]

1. e4 e5 2. Nf3 Nc6 3. d4 exd4 4. Nxd4 Nf6 5. Nxc6 bxc6 6. e5 Qe7 7. Qe2 Nd5 8. c4 Nb6 9. Nc3 Bb7 10. Bf4 O-O-O 11. O-O-O f6 12. h4 Re8 13. exf6 Qf7 14. Qg4 Qxf6 15. Bd3 Bb4 16. Ne4 Qe6 17. Qxe6 Rxe6 18. Ng5 Re7 19. Be3 h6 20. Nh3 Bd6 21. Nf4 Bxf4 22. Bxf4 Nxc4 23. Rde1 Rhe8 24. Rxe7 Rxe7 25. Bxc4 Re4 26. Be3 Rxc4+ 27. Kd2 a5 28. f3 Rb4 29. Kc3 d5 30. b3 Ba6 31. Rh3 Kd7 32. a3 Rb8 33. Rg3 g5 34. hxg5 hxg5 35. Rxg5 Re8 36. Rg7+ Re7 37. Rxe7+ Kxe7 38. Bc5+ Ke6 39. Kd4 Bf1 40. g4 Be2 41. Ke3 Bd1 42. b4 d4+ 43. Bxd4 a4 44. Ke4 Bc2+ 45. Kf4 Kd5 46. Bc5 Kc4 47. Kg5 Kb3 48. f4 Kxa3 49. b5+ Kb3 50. bxc6 Be4 51. f5 Bxc6 52. f6 Be8 53. Kf5 Kc4 54. Ba3 Kb3 55. Be7 a3 56. Bxa3 Kxa3 57. g5 c5 58. g6 1-0

[Event "OLNW 2324 Delmenhorster SK - SK Union Ol"]
[Site "?"]
[Date "2023.11.19"]
[Round "2.5"]
[White "Wagner, Jan"]
[Black "Hedke, Fred"]
[Result "1/2-1/2"]
[WhiteElo "2202"]
[BlackElo "2236"]
[PlyCount "50"]
[EventDate "2023.??.??"]

1. Nf3 Nf6 2. c4 e6 3. g3 d5 4. Bg2 Be7 5. O-O O-O 6. b3 b6 7. Bb2 Bb7 8. cxd5 exd5 9. d4 Nbd7 10. Nc3 Re8 11. Rc1 a6 12. Rc2 Bd6 13. Qc1 Qe7 14. Nd2 Rab8 15. Re1 c5 16. Na4 Bc6 17. Nc4 Bc7 18. Ne3 Bxa4 19. bxa4 Qe6 20. dxc5 bxc5 21. Bxf6 Nxf6 22. Rxc5 Bb6 23. Rc6 Qe5 24. Rd1 Bxe3 25. Qxe3 Qb2 1/2-1/2

[Event "OLNW 2324 Delmenhorster SK - SK Union Ol"]
[Site "?"]
[Date "2023.11.19"]
[Round "2.6"]
[White "Chokhonelidze, Giorgi"]
[Black "Eschholz, Enno"]
[Result "1/2-1/2"]
[WhiteElo "2287"]
[BlackElo "2206"]
[PlyCount "109"]
[EventDate "2023.??.??"]

1. Nf3 Nf6 2. c4 Nc6 3. b3 e5 4. Bb2 d6 5. g3 Be7 6. Bg2 O-O 7. O-O Bf5 8. d3 h6 9. Nbd2 Qd7 10. Re1 Rab8 11. e4 Bh3 12. Bh1 Nh7 13. d4 exd4 14. Nxd4 Nxd4 15. Bxd4 Bf6 16. Nf1 Bxf1 17. Rxf1 b6 18. Re1 Bxd4 19. Qxd4 Rbd8 20. Rad1 Qg4 21. f3 Qh5 22. f4 Qa5 23. Re2 Nf6 24. Bf3 Nd7 25. Kg2 Rfe8 26. Qb2 Nf6 27. Rd3 b5 28. cxb5 Qxb5 29. Qd2 Rb8 30. Rc3 Re7 31. Qc2 Qa5 32. Rc4 Rb4 33. Qc3 Rb5 34. Qd4 Qb6 35. Qc3 Qa5 36. Qd3 Qb6 37. Qd2 Rc5 38. Rd4 Re8 39. b4 Rc2 40. Qxc2 Qxd4 41. Qxc7 Qxb4 42. Qxa7 Rc8 43. e5 dxe5 44. fxe5 Nh7 45. h4 Qc4 46. Qe3 Nf8 47. Be4 Ne6 48. Rc2 Qxc2+ 49. Bxc2 Rxc2+ 50. Kh3 Rxa2 51. Qb3 Ra8 52. Qb7 Rd8 53. Qe7 g6 54. Qa3 h5 55. Qf3 1/2-1/2

[Event "OLNW 2324 Delmenhorster SK - SK Union Ol"]
[Site "?"]
[Date "2023.11.19"]
[Round "2.7"]
[White "Peters, Tom"]
[Black "Juhnke, Karl"]
[Result "1-0"]
[WhiteElo "2090"]
[BlackElo "2152"]
[PlyCount "91"]
[EventDate "2023.??.??"]

1. e4 c5 2. Nf3 d6 3. d4 cxd4 4. Nxd4 Nf6 5. Nc3 a6 6. Bd3 g6 7. O-O Bg7 8. h3 Nc6 9. Nb3 d5 10. exd5 Nxd5 11. Nxd5 Qxd5 12. Qe2 Bf5 13. Bxf5 Qxf5 14. a4 O-O 15. c3 Qd5 16. Qc2 Rfd8 17. Be3 Na5 18. Nxa5 Qxa5 19. Qe4 Rd7 20. Ra3 Qd5 21. Qxd5 Rxd5 22. c4 Rd7 23. b4 Rc8 24. c5 e5 25. b5 axb5 26. axb5 Bf8 27. Rc1 f5 28. Ra7 Rf7 29. c6 f4 30. cxb7 Rb8 31. Rc8 Rfxb7 32. Rxb7 Rxc8 33. Ba7 Rc1+ 34. Kh2 Rb1 35. Bb8 Bc5 36. Bxe5 Bxf2 37. Bxf4 Bg1+ 38. Kg3 Rb3+ 39. Kg4 Bd4 40. Bd6 Be3 41. Be5 h5+ 42. Kh4 Rb4+ 43. Kg3 Rb3 44. Kf3 Bb6+ 45. Ke4 Rb4+ 46. Kd5 1-0